01117nam a2200205 a 4500008004100000050002100041110006400062245016900126260007900295300002000374490006500394650001800459650006400477650002100541650003000562650002900592995014600621999001700767952012700784190618s2014 ||||||||||||||||| || u aUNCTAD(08)SSTI/9 aUnited Nations Conference on Trade and Development (UNCTAD)10aEmpowering women entrepreneurs through information and communication technologies: a practical guidecby United Nations Conference on Trade and Development [UNCTAD] aGeneva:bUnited Nations Conference on Trade and Development (UNCTAD)c2014 avii, 74p.: ill. aUNCTAD Current Studies on Science, Technology and Innovation aBUSINESSWOMEN aWOMEN OWNED BUSINESS ENTERPRISES--TECHNOLOGICAL INNOVATIONS 0aENTREPRENEURSHIP aWOMEN--ECONOMIC CONDITION 0aWOMEN--SOCIAL CONDITIONS FCBU-MAIN LIBRARY (Kitwe)M1UAVAILABLEWJun 18, 2019XUnited Nations Conference on Trade And Development (UNCTAD)ZInternational Publications c41795d41795 00102lcc4070a001b001cInternational Publicationsd2022-11-30l0oUNCTAD(08)SSTI/9pB4086r2022-11-30w2022-11-30y002